Statistics for Name the 10 countries with a population 1 Million - 1.9 Million

Click here to take the quiz!

General Stats

  • This quiz has been taken 27 times
  • The average score is 6 of 10

Answer Stats

HintAnswer% Correct
10AfricaDjibouti
83%
8AfricaEquatorial Guinea
78%
5EuropeEstonia
78%
9AfricaSwaziland
78%
3AsiaBahrain
74%
1EuropeLatvia
70%
2AfricaGuinea Bissau
61%
7AsiaEast Timor
57%
6AfricaMauritius
48%
4North AmericaTrinidad and Tobago
22%

Score Distribution

Percentile by Number Answered

Percent of People with Each Score

Your Score History

You have not taken this quiz